000 00892nam a22002417i 4500
999 _c23147
_d23147
003 AR-CdUCM
008 241213b20152015 pe||||| |||| 00| 0 spa d
040 _aMUNICIPALIDAD PROVINCIAL DEL CUSCO
_cBIBLIOTECA MUNICIPAL DEL CUSCO
041 _hspa
082 _a740.7 / T77
_bT77
100 _aTovar Samanez, Carlos (Carlín)
_950887
245 _aTécnica del dibujo y de la caricatura /
260 _aLima :
_bEdiciones Contracultura.
_c2015
300 _a134 páginas. :
_c30 cm.
505 _aDe la risa, el humor y la caricatura -- De la perspectiva de las formas y los volúmenes -- De la cabeza y figuras humana y sus proporciones -- De las formas y el rostro del personaje
650 _aArte
_9561
650 _aDibujo
_950862
650 _aPerspectiva
_914138
650 _aCaricatura
_926790
650 _aFigura
_950863
942 _2ddc
_cLIBROS
945 _apbj
_d13-12-2024